Chroniques des vampires d'Anne Rice - Statistiques

Statistiques générales
  • Ce quiz a été pris 30 fois
  • Le résultat moyen est 5 sur 11
Statistiques - réponses
Hint Réponse % Correct
1975 Entretien avec un vampire
100%
1988 La Reine des damnés
86%
1985 Lestat le vampire
82%
1992 Le Voleur de corps
64%
1998 Armand le vampire
55%
1995 Memnoch le démon
32%
2000 Merrick
27%
2014 Prince Lestat
23%
2001 Le Sang et l'Or
18%
2003 Cantique sanglant
14%
2002 Le Domaine Blackwood
14%
Aucun quiz correspondant
Distribution des résultats
% des personnes avec chaque résultat
Percentile par nombre de réponses
Votre historique - résultats
Vous n’avez pas pris ce quiz